| 000 | 00763pam a2200265 i 4500 | ||
|---|---|---|---|
| 001 | 6959 | ||
| 003 | BD-RjUL | ||
| 005 | 20211208234338.0 | ||
| 008 | 140113s1978 moua b 001 0 eng | ||
| 020 | _a0801644828 | ||
| 035 | _a(BD-RjUL)7001 | ||
| 040 |
_aDLC _cDLC _dDLC _dBD-RjUL _beng |
||
| 041 | _aeng | ||
| 082 | 0 | 0 |
_a350.001 _bSEB 1978 |
| 100 | 1 |
_aSeitz, Steven Thomas, _d1947- _921822 |
|
| 245 | 1 | 0 |
_aBureaucracy, policy, and the public / _cby Steven Thomas Seitz. |
| 260 |
_aSaint Louis : _bC. V. Mosby Co., _c1978. |
||
| 300 |
_ax, 216 p. : _bill. ; _c26 cm. |
||
| 504 | _aIncludes bibliographies and index. | ||
| 650 | 0 |
_aBureaucracy. _921823 |
|
| 650 | 0 |
_aPolicy sciences. _921824 |
|
| 942 |
_2ddc _cBK |
||
| 999 |
_c6959 _d6959 |
||